000 00366 a2200169 4500
001 71007
020 _a853361165X
040 _cAnchieta - Itaigara
100 _aTolkien, Christopher
240 1 0 _aO Silmarillion
_lpor
245 1 0 _aO Silmarillion
300 _a460
362 0 _a2001
440 1 _aMartins Fontes
650 4 _aLiteratura juvenil
942 _cBK
999 _c71007
_d71007